Štúdium vplyvu zmäkčovadiel na vlastnosti zmesí PLA/PHB
Na minha lista:
| Autor principal: | |
|---|---|
| Outros Autores: | |
| Formato: | Manuscrito Livro |
| Idioma: | eslovaco |
| Publicado em: |
2016
|
| Assuntos: | |
| Acesso em linha: | http://is.stuba.sk/zp/portal_zp.pl?podrobnosti=121153 |
| Tags: |
Sem tags, seja o primeiro a adicionar uma tag!
|
MARC
| LEADER | 00000ntm a22000003a 4500 | ||
|---|---|---|---|
| 001 | stuzp57952 | ||
| 003 | SK-STU | ||
| 005 | 20160719155421.1 | ||
| 007 | ta | ||
| 008 | 150427s2015----xo-----f-mn---000-0-slo-d | ||
| 040 | |a STU |b slo | ||
| 041 | 0 | |a slo | |
| 100 | 1 | |a Gočalová, Ivana |u 049370 |4 aut |U FCHPT Ústav prírodných a syntetických polymérov |T FCHPT Oddelenie plastov, kaučuku a vlákien |X 42486 |U C9370 |Y 128 |7 42486 | |
| 242 | 0 | 1 | |a The Study of Effect of Plasticizers on Properties of Blends Based on PLA/PHB |y eng |
| 245 | 1 | 0 | |a Štúdium vplyvu zmäkčovadiel na vlastnosti zmesí PLA/PHB |
| 260 | |c 2016 | ||
| 650 | 4 | |a biodegradovateľná polymérna zmes |2 slo | |
| 650 | 4 | |a kyselina polymliečna |2 slo | |
| 650 | 4 | |a polyhydroxybutyrát |2 slo | |
| 650 | 4 | |a biodegradable polymer blend |2 eng | |
| 650 | 4 | |a polyhydroxybutyrate |2 eng | |
| 650 | 4 | |a polylactic acid |2 eng | |
| 700 | 1 | |a Plavec, Roderik |u 049370 |k Z2 |4 ths |U FCHPT Ústav prírodných a syntetických polymérov |T FCHPT Oddelenie plastov, kaučuku a vlákien |X 26421 |U C9370 |Y 128 |7 A000026421 | |
| 856 | 4 | |u http://is.stuba.sk/zp/portal_zp.pl?podrobnosti=121153 | |
| SQL | |a stuzp57952 |b DDP |c SLO |d Štúdium vplyvu zmäkčovadiel na vlastnosti zmesí PLA/PHB |e 42486 |f Gočalová, Ivana |g 049370 |h 26421 |i Plavec, Roderik |j 20160607 |k 542 |l 04 |m http://is.stuba.sk/zp/portal_zp.pl?podrobnosti=121153 |n I-PSP |o 5.2.18. chemické technológie | ||